Locally interacting systems and their application in biology : proceedings of the School-Seminar on Markov Interaction Processes in Biology, held in Pushcino, Moscow Region, March, 1976

Αποθηκεύτηκε σε:
Λεπτομέρειες βιβλιογραφικής εγγραφής
Συγγραφή απο Οργανισμό/Αρχή: School-Seminar on Markov Interaction Processes in Biology Pushchino, Russia
Άλλοι συγγραφείς: Kriukov, V. I., 1935- (Επιμελητής έκδοσης), Toom, A. L. (Επιμελητής έκδοσης), Dobrushin, R. L., 1929-1995 (Επιμελητής έκδοσης)
Μορφή: Πρακτικό Συνεδρίου Βιβλίο
Γλώσσα:English
Δημοσίευση: Berlin : Springer-Verlag, 1978.
Σειρά:Lecture notes in mathematics (Springer-Verlag) ; 653
Θέματα:
Ετικέτες: Προσθήκη ετικέτας
Δεν υπάρχουν, Καταχωρήστε ετικέτα πρώτοι!

MARC

LEADER 00000cam a2200000 i 4500
001 1/59665
008 941103s1978 gw ||| | eng||
020 |a 3540084509 
035 |a 1993  |l 10046118 
040 |a GR-MyUA  |b gre  |e AACR2 
041 0 |a eng 
082 0 |a 574.0151 
111 2 |a School-Seminar on Markov Interaction Processes in Biology   |d (1976 :   |c Pushchino, Russia) 
245 1 0 |a Locally interacting systems and their application in biology :   |b proceedings of the School-Seminar on Markov Interaction Processes in Biology, held in Pushcino, Moscow Region, March, 1976 /   |c edited by R.L. Dobrushin, V.I. Kryukov and A.L. Toom.  
260 |a Berlin :   |b Springer-Verlag,   |c 1978.  
300 |a xi, 202 σ. ;   |c 25 εκ.  
490 1 |a (Lecture notes in mathematics (Springer-Verlag)   |v ; 653)  
504 |a Περιέχει βιβλιογραφικές αναφορές και ευρετήριο.  
650 0 0 |a Biomathematics  |x Congresses. 
650 0 0 |a Markov processes  |x Congresses. 
700 1 |a Kriukov, V. I.,   |d 1935-  |e edt 
700 1 |a Toom, A. L.  |e edt 
700 1 |a Dobrushin, R. L.,   |d 1929-1995,  |e edt 
830 0 |a Lecture notes in mathematics (Springer-Verlag)  |v  ; 653 
852 |a INST  |b SAMOS  |e 19941103  |h 574.0151 SCH  |p 005300008280  |q 005300008280  |t BK  |y 0 
909 |a Σ  |b 028867